000 00902nas a2200253 4500
001 BR8602930
003 BR-BrBNA
005 20231205090519.0
007 ta
008 230509b bl.|||p| |||| 00| 00por d
040 _aBR-BrBNA
_bpor
_cBiblioteca Nacional de Agricultura
041 _a(Pt)
072 _aP35
100 1 _aRodrigues, M.B.
100 1 _aKiehl, J.C.
245 1 _aVolatilizacao de amonia apos emprego de ureia em diferentes doses e modos de aplicacao [milho, Zea mays]
_bParte de tese
246 1 _aAmmonia volatilization from urea applied at different rates and methods of application
_bPart of thesis
650 _aMILHO
650 _aFERTILIZANTE NITROGENADO
650 _aUREIA
773 0 _tRevista Brasileira de Ciencia do Solo (Brazil)
_xISSN 0100-0683
_g(Jan-Apr 1986), v. 10(1) p. 37-43
_wBR8602930
909 _a202311
_bLúcia
_c55
_dLúcia Elande
942 _2AGRIS
_n0
_cANA
999 _c118963
_d118963